Normal view
MARC view
- Telecommunication Engineering
Entry Topical Term
001 - CONTROL NUMBER
- control field: 103303
003 - CONTROL NUMBER IDENTIFIER
- control field: NUST
005 - DATE AND TIME OF LATEST TRANSACTION
- control field: 20221121173945.0
008 - FIXED-LENGTH DATA ELEMENTS
- fixed length control field: 221121|| aca||aabn | a|a d
040 ## - CATALOGING SOURCE
- Original cataloging agency: NUST
- Transcribing agency: NUST
150 ## - HEADING--TOPICAL TERM
- Topical term or geographic name entry element: Telecommunication Engineering
- General subdivision:
670 ## - SOURCE DATA FOUND
- Source citation: Work cat.: (NUST)181449: May, Gary S. 35779, Fundamentals of semiconductor fabrication /, c2004.
